Access statements - work in progress (Record no. 74680)
[ view plain ]
| 000 -LEADER | |
|---|---|
| fixed length control field | 01677cab a2200265 4500 |
| 001 - CONTROL NUMBER | |
| control field | ABS68498 |
| 008 - FIXED-LENGTH DATA ELEMENTS--GENERAL INFORMATION | |
| fixed length control field | 041216n2004 000 0 eng u |
| 035 ## - SYSTEM CONTROL NUMBER | |
| System control number | (Sirsi) u128344 |
| 100 ## - MAIN ENTRY--PERSONAL NAME | |
| Personal name | Aplin, D. |
| 245 ## - TITLE STATEMENT | |
| Title | Access statements - work in progress |
| 260 ## - PUBLICATION, DISTRIBUTION, ETC. | |
| Date of publication, distribution, etc. | 2004 |
| 490 ## - SERIES STATEMENT | |
| Series statement | Access by Design |
| Volume/sequential designation | (101) Winter 2004, 20-22(3) |
| 520 ## - SUMMARY, ETC. | |
| Summary, etc. | Discusses the evolution of the disabled access statement. Examines how its role will extend from the early planning stages of environmental design to potentially connect with aspects of the government's planning and sustainable communities programmes and the Disability Rights Commission's (DRC) vision for an inclusive society. Looks at the building control aspect of access and how it relates to the Planning and Compulsory Purchase Act 2004. Highlights the role of the DRC and stresses the access statement should be a document which grows with the project. Underlines the need for consultation to take place early in the development process. Concludes the access statement will evolve to develop the role that inclusive environments play in creating and maintaining socially inclusive sustainable communities. More information can be obtained from www.drc.gov.uk. |
| 590 ## - LOCAL NOTE (RLIN) | |
| Local note | ABS |
| 650 ## - SUBJECT ADDED ENTRY--TOPICAL TERM | |
| Topical term or geographic name entry element | MANAGEMENT-BUSINESS MANAGEMENT-DISCRIMINATION-DISABILITY DISCRIMINATION-ACCESSIBILITY |
| 650 ## - SUBJECT ADDED ENTRY--TOPICAL TERM | |
| Topical term or geographic name entry element | ACCESS STATEMENT |
| 650 ## - SUBJECT ADDED ENTRY--TOPICAL TERM | |
| Topical term or geographic name entry element | PLANNING AND COMPULSORY PURCHASE ACT 2004 |
| 650 ## - SUBJECT ADDED ENTRY--TOPICAL TERM | |
| Topical term or geographic name entry element | DISABILITY RIGHTS COMMISSION |
| 650 ## - SUBJECT ADDED ENTRY--TOPICAL TERM | |
| Topical term or geographic name entry element | INCLUSIVE DESIGN |
| 650 ## - SUBJECT ADDED ENTRY--TOPICAL TERM | |
| Topical term or geographic name entry element | BUILDING CONTROL |
| 9 (RLIN) | 6222 |
| 650 ## - SUBJECT ADDED ENTRY--TOPICAL TERM | |
| Topical term or geographic name entry element | SUSTAINABLE COMMUNITIES |
| 690 ## - LOCAL SUBJECT ADDED ENTRY--TOPICAL TERM (OCLC, RLIN) | |
| Topical term or geographic name as entry element | BUILT ENVIRONMENT-CONSTRUCTION DESIGN |
| 700 ## - ADDED ENTRY--PERSONAL NAME | |
| Personal name | Hughes, M. |
| 942 ## - ADDED ENTRY ELEMENTS (KOHA) | |
| Suppress in OPAC | 0 |
| Withdrawn status | Lost status | Source of classification or shelving scheme | Damaged status | Not for loan | Home library | Current library | Shelving location | Date acquired | Total Checkouts | Full call number | Barcode | Date last seen | Copy number | Price effective from | Koha item type |
|---|---|---|---|---|---|---|---|---|---|---|---|---|---|---|---|
| Dewey Decimal Classification | London | London | Journal article | 16/12/2004 | ABS68498 | 128344-1001 | 06/08/2019 | 1 | 06/08/2019 | Journal article |